Fußball - Die legendärsten Tore aller Zeiten - Statistiken

Allgemein
  • Dieses Quiz wurde 70 mal gespielt
  • Das Durchschnittsergebnis liegt bei 23 aus 36
Antwortstatistiken
Jahr Partie Nationalität Torschütze % Korrekt
2018 Real Madrid (x)Juventus Turin Portugal Cristiano Ronaldo
95%
2012 FC Bayern MünchenFC Chelsea (x) Elfenbeinküste Didier Drogba
89%
2002 Real Madrid (x)Leverkusen Frankreich Zinedine Zidane
89%
2012 Schweden (x)England Zlatan Ibrahimovic
89%
2007 FC Barcelona (x)FC Getafe Argentinien Lionel Messi
88%
2014 Deutschland (x)Argentinien Mario Götze
88%
2014 SpanienNiederlande (x) Robin van Persie
88%
2011 FC Santos (x)Flamengo Brasilien Neymar
86%
1986 Argentinien (x)England Diego Maradona
82%
2012 Italien (x)Deutschland Mario Balotelli
82%
2018 Real MadridLiverpool FC (x) Wales Gareth Bale
81%
2014 Kolumbien (x)Uruguay James Rodriguez
79%
2013 Liverpool FC (x)Norwich City Uruguay Luis Suarez
77%
2012 Manchester City (x)Queens Park Rangers Argentinien Sergio Agüero
75%
2019 Liverpool FC (x)FC Barcelona Belgien Divock Origi
74%
2016 Portugal (x)Frankreich Éder
74%
2002 EnglandBrasilien (x) Ronaldinho
70%
2000 Arsenal FC (x)Manchester United Frankreich Thierry Henry
70%
2011 Manchester United (x)Manchester City England Wayne Rooney
70%
1996 AC Milan (x)Verona Liberia George Weah
68%
1999 Manchester United (x)FC Bayern München Norwegen Ole Gunnar Solskjaer
67%
2007 Manchester UnitedAC Milan (x) Brasilien Ricardo Kakà
67%
1988 UdSSRNiederlande (x) Marco van Basten
60%
2014 SC Paderborn 07 (x)Hannover 96 Deutschland Moritz Stoppelkamp
58%
2001 England (x)Griechenland David Beckham
51%
1994 KolumbienRumänien (x) Gheorghe Hagi
47%
2017 FC Arsenal (x)Crystal Palace Frankreich Olivier Giroud
47%
1997 FrankreichBrasilien (x) Roberto Carlos
46%
2023 Everton FCManchester United (x) Argentinien Alejandro Garnacho
42%
2010 UruguayNiederlande (x) Giovanni van Bronckhorst
42%
2012 FC ChelseaNewcastle United (x) Senegal Papiss Cissé
42%
1976 Tschechoslowakei (x)Bundesrep. Deutschland Antonin Panenka
39%
1998 Niederlande (x)Argentinien Dennis Bergkamp
39%
2013
FC Arsenal (x)
Norwich City
England Jack Wilshere
30%
2007 Celtic Glasgow (x)Kilmarnock FC Japan Shunsuke Nakamura
28%
2006 Argentinien (x)Mexiko Maxi Rodriguez
25%
Keine übereinstimmenden Quizze gefunden
Verteilung der Resultate
Anzahl Personen mit jedem Resultat
Perzentil nach korrekt beantworteten Fragen
Ihre Resultats-Entwicklung
Sie haben dieses Quiz noch nicht gespielt